Decorative work in wrought iron and other metals / (Record no. 5579)
[ view plain ]
| 000 -LEADER | |
|---|---|
| fixed length control field | 00734nam a22002532a 4500 |
| 001 - CONTROL NUMBER | |
| JCCL Control Number | 5579 |
| 003 - CONTROL NUMBER IDENTIFIER | |
| JCCL marc code | UkOxU |
| 005 - DATE AND TIME OF LATEST TRANSACTION | |
| control field | 20180404175401.0 |
| 008 - FIXED-LENGTH DATA ELEMENTS--GENERAL INFORMATION | |
| fixed length control field | 500101s1968 enka 000 0 eng d |
| 035 ## - SYSTEM CONTROL NUMBER | |
| system control number | OCLC ocm00459426 from D960205M |
| 040 ## - CATALOGING SOURCE | |
| Original cataloging agency | DLC |
| Transcribing agency | DLC |
| Modifying agency | UKM |
| -- | EQO |
| 041 1# - LANGUAGE CODE | |
| Language code of Book | engger |
| 050 #0 - LIBRARY OF CONGRESS CALL NUMBER | |
| Classification number | NK6405 |
| Item number | .K813 |
| 082 ## - DEWEY DECIMAL CLASSIFICATION NUMBER | |
| Classification number | 730/.924 |
| Author mark and Year | GIL 1968 |
| 100 1# - MAIN ENTRY--PERSONAL NAME | |
| Personal name | Kühn, Fritz, |
| Dates associated with a name | 1910-1967. |
| 245 10 - TITLE STATEMENT | |
| Title | Decorative work in wrought iron and other metals / |
| Statement of responsibility, etc | translated [from the German] by Gillian Brett |
| 260 ## - PUBLICATION, DISTRIBUTION, ETC. (IMPRINT) | |
| Place of publication, distribution, etc | London : |
| Name of publisher, distributor, etc | Harrap, |
| Date of publication, distribution, etc | 1967 [i.e. 1968] |
| 300 ## - PHYSICAL DESCRIPTION | |
| Pagination | 152 p. |
| Other physical details | 225 illus. |
| Dimensions | 28 cm |
| 650 #0 - SUBJECT ADDED ENTRY--TOPICAL TERM | |
| Topical term or geographic name as entry element | Art metal-work |
| 650 #0 - SUBJECT ADDED ENTRY--TOPICAL TERM | |
| Topical term or geographic name as entry element | Wrought-iron |
| 650 #0 - SUBJECT ADDED ENTRY--TOPICAL TERM | |
| Topical term or geographic name as entry element | Decoration and ornament |
| 942 ## - ADDED ENTRY ELEMENTS (KOHA) | |
| Source of classification or shelving scheme | Dewey Decimal Classification |
| Koha item type | Reference |
| Source of classification or shelving scheme | Damaged status | Not for loan | Home library | Current library | Shelving location | Total Checkouts | Full call number | Barcode | Date last seen | Copy number | Koha item type |
|---|---|---|---|---|---|---|---|---|---|---|---|
| Dewey Decimal Classification | JCC Rouf Library | JCC Rouf Library | General Stacks | 730/.924 GIL 1968 | 7468 | 12/18/2017 | C - 1 | Reference |